000 00710nam a22001817a 4500
003 BUBTL
008 200206b xxu||||| |||| 00| 0 eng d
020 _a9789848823019
082 _a954.925/ M839m/ 2009
100 _93000
_aমোর্শেদ, এস. এম. সারওয়ার
245 _aমুক্তিযুদ্ধের ইতিহাসের সংকট /
_cএস. এম. সারওয়ার মোর্শেদ
260 _aঢাকা :
_bবাংলাপ্রকাশ,
_cc2009,
300 _a52 p. :
_c23 cm.
650 0 _91755
_aমুক্তিযুদ্ধ
856 _k0
_l0
_yDownload
942 _2ddc
_cBK
999 _c6270
_d6270